| 000 | 01640nam a2200373 c 4500 | ||
|---|---|---|---|
| 003 | BLK | ||
| 005 | 20180422114209.0 | ||
| 008 | 180411b bul|||||r ||||||| ||bul|| | ||
| 010 | _aKNG00175389000 | ||
| 040 | _aBLK | ||
| 041 |
_aBUL _cBUL |
||
| 072 | 7 |
_2bullib _aК _xКраезнание |
|
| 080 |
_aЗахарни и скорбелени растения - Захарно цвекло,захарна тръстика,маниока и др. Вж и 633.4 _b633.6 _x _z633.6 |
||
| 100 | 1 |
_aИванов, Иван _eпърви автор _9363769 |
|
| 700 | 1 |
_aДеблев, Иван Иванов _e* _959214 |
|
| 139 |
_aИванов, Иван _bИ 21 |
||
| 245 | 1 | 0 |
_aЗахарното цвекло у нас _bПричини за ниските доходи и как могат те да се отстранят _cИван Иванов; * Иван Иванов Деблев. |
| 257 | _aBGR | ||
| 260 |
_аСофия _bБълг. землед. д-во _c1922 _fСофия : Франклин |
||
| 300 |
_a100 с. _c24 см |
||
| 380 | _a63 | ||
| 490 | 1 |
_aБългарско земледелско дружество. Научни трудове _v№ 6 |
|
| 500 | _aПълното име на авт. е Иван Иванов Деблев. | ||
| 650 | 4 |
_aПолевъдство _9166795 |
|
| 651 | 4 |
_aБългария _9241624 |
|
| 653 | _aзахарно цвекло | ||
| 653 | _aотглеждане | ||
| 659 | _aК | ||
| 852 | _aЦб 45931 | ||
| 856 | 4 |
_qpdf _u |
|
| 856 | 4 |
_qpdf _u |
|
| 942 |
_cKNG _n0 |
||
| 944 |
_aCR _c15.05.2015 _l15.05.2015 - от С1,Р / 15.05.2015 _kВаля_Йорданова |
||
| 944 |
_aED _c15.05.2015 _l15.05.2015 - от С1,Р / 15.05.2015 _k |
||
| 999 |
_c167577 _d167577 |
||